00920nam a2200205 a 4500001001000000005001700010008004100027040001300068050002300081245006300104260005900167300003200226500018500258500006900443650004100512650005500553650003500608651005200643653001900695BRCA_120320190320203327.0910813s1990 mx-a---##b---#000-0#spa-# aDLCcDLC 4aNA75.M4b.P35 199010aLos palacios de la Nueva Españabsus tesoros interiores. aMéxicobMuseo de Monterrey : Museo Franz Mayerc1990 a129 p.bil. a colorc32 cm. aCatálogo de la exposición realizada en el Museo de Monterrey (Nuevo León), noviembre 1990 - marzo 1991 y en el Museo Franz Mayer (Ciudad de México), abril 1991 - junio 1991 aIncluye información sobre piezas de la colección Franz Mayer14aMueblesySiglo XVIIIzNueva España14aDecoración interiorySiglo XVIIIzNueva España14aArquitectura barrocazMéxico 4aMéxicoxVida social y costumbresySiglo XVIII0 aVida cotidiana